000 01140nam a22002774c 4500
003 AR-BaSMT
008 260427b2025 aga|||br|||| 000 1|spa d
020 _a9789878921068
040 _aBSGB
_bespañol
_cBSGB
_erda
041 0 _aspa
_hespañol
080 _a82-34
100 1 _aDemarco, Magela
_9466
245 1 0 _aPalabras semilla
250 _aPrimera edición
264 1 _aBuenos aires :
_bLa brujita de papel ,
_c2025
300 _a32 páginas ;
_bilustraciones color
336 _2rdacontent
_atexto
_btxt
337 _2rdamedia
_asin mediación
_bn
338 _2rdacarrier
_avolumen
_bnc
520 _a¿Alguna vez pensaste que tus palabras o tus acciones podían lastimar? Este inspirador libro-álbum tiene el poder de ponernos a pensar qué palabras usamos y cuál es el impacto que tienen sobre los demás. Descubrí el poder de tus palabras, tus miradas y tus gestos y hacelos germinar.
_uhttps://www.labrujitadepapel.com.ar/producto/palabras-semilla/ 27/04/2026
521 _aA partir de 7 años
650 7 _98
_aLITERATURA INFANTIL
650 7 _923
_aCUENTO
_zArgentina
942 _2ddc
_aBOOK
999 _c625
_d625